000 00673nam a2200217 i 4500
001 37094
003 ES-MaACL
005 20250816062528.0
007 t|
008 030220s1978 sp ||||1| spa d
100 1 _aBronowski, Jacob.
_931895
245 1 3 _aEl sentido común de la ciencia /
_cJ. Bronowski ; [traducción de Manuel Carbonell].
250 _a[1ª ed.].
260 _a[Barcelona] :
_bPenínsula,
_c[1978]
300 _a161 p. ;
_c20 cm.
490 1 _aHistoria, ciencia, sociedad
700 1 _aCarbonell, Manuel.
_935050
830 0 0 _aHistoria, ciencia, sociedad (Península)
_9177444
852 _aES-MaACL
_jA-8507
_bR.97432
999 _c37094
_d37094